| 000 | 00650cam a22002172 4500 | ||
|---|---|---|---|
| 001 | 0000024183 | ||
| 005 | 20151021151151.0 | ||
| 008 | 130617s xx 000 0 eng d | ||
| 020 | _a9966036075 | ||
| 040 |
_aKABU _cKABU |
||
| 050 | 0 |
_aKSK856 _b.S24 2012 |
|
| 100 | 1 |
_aSagwa, Philip Ndeda. _@0000184147 |
|
| 245 | 1 | 0 |
_aCompany law : _bCPA section 4 / _cPhilip Ndeda Sagwa. |
| 250 | _a1st ed. | ||
| 260 |
_aNairobi : _bManifested Publishers, _c2012. |
||
| 300 | _aviii, 174 p. | ||
| 650 | 0 |
_aCorporation law _zKenya. _@0000148332 |
|
| 852 | 1 | _9p1000 KES | |
| 908 | _a130617 | ||
| 950 | _@1 | ||
| 999 |
_c1425 _d1425 |
||